Calculus of finite differences and Numerical Analysis : (Record no. 5473)
[ view plain ]
| 000 -LEADER | |
|---|---|
| fixed length control field | 00667nam a2200229 a 4500 |
| 001 - CONTROL NUMBER | |
| JCCL Control Number | 5473 |
| 003 - CONTROL NUMBER IDENTIFIER | |
| JCCL marc code | BD-JhCC |
| 005 - DATE AND TIME OF LATEST TRANSACTION | |
| control field | 20220310134020.0 |
| 008 - FIXED-LENGTH DATA ELEMENTS--GENERAL INFORMATION | |
| fixed length control field | 171217s20041997ii ||||| |||| 00| 0 eng d |
| 035 ## - SYSTEM CONTROL NUMBER | |
| system control number | (BD-JhCC)5473 |
| 040 ## - CATALOGING SOURCE | |
| Original cataloging agency | BD-JhCC |
| Modifying agency | BD-JhCC |
| 041 ## - LANGUAGE CODE | |
| Language code of Book | eng |
| 082 ## - DEWEY DECIMAL CLASSIFICATION NUMBER | |
| Classification number | 518 |
| Author mark and Year | VAS 2004 |
| 100 ## - MAIN ENTRY--PERSONAL NAME | |
| Personal name | Vasishtha, A. R. |
| 245 ## - TITLE STATEMENT | |
| Title | Calculus of finite differences and Numerical Analysis : |
| Remainder of title | a course on numerical methods / |
| Statement of responsibility, etc | A. R. Vasishtha, Vipin Vasishtha |
| 260 ## - PUBLICATION, DISTRIBUTION, ETC. (IMPRINT) | |
| Place of publication, distribution, etc | New Delhi : |
| Name of publisher, distributor, etc | Kedar Nath Ram Nath, |
| Date of publication, distribution, etc | 2004. |
| 300 ## - PHYSICAL DESCRIPTION | |
| Pagination | 436 p. : |
| Dimensions | 20 cm. |
| 650 ## - SUBJECT ADDED ENTRY--TOPICAL TERM | |
| Topical term or geographic name as entry element | Numarical Analysis |
| 700 ## - ADDED ENTRY--PERSONAL NAME | |
| Personal name | Vasishtha, Vipin |
| 942 ## - ADDED ENTRY ELEMENTS (KOHA) | |
| Source of classification or shelving scheme | Dewey Decimal Classification |
| Koha item type | Books |
| Koha issues (borrowed), all copies | 1 |
| Source of classification or shelving scheme | Damaged status | Not for loan | Home library | Current library | Shelving location | Cost, normal purchase price | Total Checkouts | Full call number | Barcode | Date last seen | Date checked out | Copy number | Koha item type |
|---|---|---|---|---|---|---|---|---|---|---|---|---|---|
| Dewey Decimal Classification | JCC Rouf Library | JCC Rouf Library | General Stacks | 110.00 | 1 | 518 VAS 2004 | 7711 | 03/20/2022 | 03/10/2022 | C - 1 | Books |